000 00463nam a2200133 a 4500
008 120416s1971 ||||||||||||||||| || u
050 _aTA 418 Dug
100 _aDugdale, D. S
245 1 0 _aElasticity for engineers
260 _aLondon
_bMcGraw-Hill
_c1971
300 _aviii, 318p. : ill
350 _a0.00
995 _D0.00
_FCBU-MAIN LIBRARY (Kitwe)
_H1
_I5.35
_M1
_UAVAILABLE
_ZAnnex Low-Usage Collection
999 _c41407
_d41407